Statistics for Oceanian Capitals - Map Quiz

Click here to take the quiz!

General Stats

  • This quiz has been taken 30,943 times
    (28,807 since last reset)
  • The average score is 7 of 14

Answers on the Map

Answers color-coded by a green-red scale on the quiz's map according to % correct below.
 

Answer Stats

Answer% Correct
Canberra
97%
Wellington
94%
Port Moresby
79%
Suva
54%
Apia
46%
Port Vila
46%
Honiara
44%
South Tarawa
44%
Ngerulmud
43%
Majuro
41%
Nukuʻalofa
40%
Yaren
40%
Palikir
39%
Funafuti
37%

Score Distribution

Percentile by Number Answered

Percent of People with Each Score

Your Score History

You have not taken this quiz since the last reset